Trease and Evans Pharmacognosy (Record no. 5704)

MARC details
000 -LEADER
fixed length control field 00551nam a22002177a 4500
003 - CONTROL NUMBER IDENTIFIER
control field OSt
005 - DATE AND TIME OF LATEST TRANSACTION
control field 20170321180334.0
008 - FIXED-LENGTH DATA ELEMENTS--GENERAL INFORMATION
fixed length control field 170321b xxu||||| |||| 00| 0 eng d
020 ## - INTERNATIONAL STANDARD BOOK NUMBER
International Standard Book Number 9780702029349
040 ## - CATALOGING SOURCE
Transcribing agency DMLN
082 ## - DEWEY DECIMAL CLASSIFICATION NUMBER
Classification number QV752 E15t 2009
100 ## - MAIN ENTRY--PERSONAL NAME
Personal name Evans, William C.
9 (RLIN) 11870
245 ## - TITLE STATEMENT
Title Trease and Evans Pharmacognosy
250 ## - EDITION STATEMENT
Edition statement 16th ed.
260 ## - PUBLICATION, DISTRIBUTION, ETC. (IMPRINT)
Place of publication, distribution, etc. Edinburgh; Saunders, 2009
300 ## - PHYSICAL DESCRIPTION
Extent vi,603p; ill: 28cm
504 ## - BIBLIOGRAPHY, ETC. NOTE
Bibliography, etc Index included
650 ## - SUBJECT ADDED ENTRY--TOPICAL TERM
Topical term or geographic name as entry element Pharmacognosy
9 (RLIN) 11871
650 ## - SUBJECT ADDED ENTRY--TOPICAL TERM
Topical term or geographic name as entry element Pharmacology
9 (RLIN) 357
942 ## - ADDED ENTRY ELEMENTS (KOHA)
Source of classification or shelving scheme Other/Generic Classification Scheme
Koha item type Short Loan
Holdings
Withdrawn status Lost status Source of classification or shelving scheme Damaged status Not for loan Home library Current library Date acquired Source of acquisition Inventory number Total Checkouts Full call number Barcode Date last seen Koha item type Price effective from
    Other/Generic Classification Scheme     MUST Main Library MUST Main Library 07/03/2018   2017/40587   QV752 E15t 2009 2018-0161 07/03/2018 Short Loan 07/03/2018
    Other/Generic Classification Scheme     Pharmacy Department Library Pharmacy Department Library 21/03/2017   11/00062   QV752 E15t 2009 2017-0453 21/03/2017 Short Loan  
    Other/Generic Classification Scheme     Pharmacy Department Library Pharmacy Department Library 21/03/2017   11/00063   QV752 E15t 2009 2017-0454 21/03/2017 Short Loan  
    Other/Generic Classification Scheme     Pharmacy Department Library Pharmacy Department Library 21/03/2017   11/00066   QV752 E15t 2009 2017-0455 21/03/2017 Short Loan